<?xml version="1.0" encoding="UTF-8"?>
<record
    xmlns:xsi="http://www.w3.org/2001/XMLSchema-instance"
    xsi:schemaLocation="http://www.loc.gov/MARC21/slim http://www.loc.gov/standards/marcxml/schema/MARC21slim.xsd"
    xmlns="http://www.loc.gov/MARC21/slim">

  <leader>01901nam a2200349 a 4500</leader>
  <controlfield tag="001">74964</controlfield>
  <controlfield tag="003">BD-RjUL</controlfield>
  <controlfield tag="005">20211209082628.0</controlfield>
  <controlfield tag="008">190103s1969    fr a         i101 0 eng d</controlfield>
  <datafield tag="035" ind1=" " ind2=" ">
    <subfield code="a">(OCoLC)ocm35497661</subfield>
  </datafield>
  <datafield tag="035" ind1=" " ind2=" ">
    <subfield code="a">(BD-RjUL)75182</subfield>
  </datafield>
  <datafield tag="040" ind1=" " ind2=" ">
    <subfield code="a">CAI</subfield>
    <subfield code="c">CAI</subfield>
    <subfield code="b">eng</subfield>
    <subfield code="d">BD-RjUL</subfield>
  </datafield>
  <datafield tag="041" ind1="0" ind2=" ">
    <subfield code="a">engfre</subfield>
  </datafield>
  <datafield tag="082" ind1=" " ind2=" ">
    <subfield code="2">23</subfield>
    <subfield code="a">551.46</subfield>
    <subfield code="b">SYP 1969</subfield>
  </datafield>
  <datafield tag="111" ind1="2" ind2=" ">
    <subfield code="a">Symposium on the Oceanography and Fisheries Resources of the Tropical Atlantic</subfield>
    <subfield code="d">(1966 :</subfield>
    <subfield code="c">Abidjan, Ivory Coast)</subfield>
    <subfield code="9">226501</subfield>
  </datafield>
  <datafield tag="245" ind1="1" ind2="0">
    <subfield code="a">Proceedings of the Symposium on the Oceanography and Fisheries Resources of the Tropical Atlantic :</subfield>
    <subfield code="b">review papers and contributions : results of the ICITA and of the GTS, organized through the joint efforts of UNESCO, FAO and OAU : Abidjan, Ivory Coast, 20-28 October 1966 = Actes du Symposium sur l'oc&#xE9;anographie et les ressources halieutiques de l'Atlantique tropical : rapports de synth&#xE8;se et communications : r&#xE9;sultats de l'ICITA et de la GTS, organis&#xE9; conjointement par l'UNESCO, la FAO et l'OUA : Abidjan, C&#xF4;te d'Ivoire, 20-28 octobre 1966.</subfield>
  </datafield>
  <datafield tag="260" ind1=" " ind2=" ">
    <subfield code="a">Paris :</subfield>
    <subfield code="b">UNESCO,</subfield>
    <subfield code="c">1969.</subfield>
  </datafield>
  <datafield tag="300" ind1=" " ind2=" ">
    <subfield code="a">430 p. :</subfield>
    <subfield code="b">ill. ;</subfield>
    <subfield code="c">27 cm.</subfield>
  </datafield>
  <datafield tag="500" ind1=" " ind2=" ">
    <subfield code="a">Papers in English and French.</subfield>
  </datafield>
  <datafield tag="650" ind1=" " ind2="0">
    <subfield code="a">Oceanography</subfield>
    <subfield code="z">Atlantic Ocean</subfield>
    <subfield code="v">Congresses.</subfield>
    <subfield code="9">226502</subfield>
  </datafield>
  <datafield tag="650" ind1=" " ind2="0">
    <subfield code="a">Fisheries</subfield>
    <subfield code="z">Atlantic Ocean</subfield>
    <subfield code="v">Congresses.</subfield>
    <subfield code="9">226503</subfield>
  </datafield>
  <datafield tag="650" ind1=" " ind2="0">
    <subfield code="a">Marine biology</subfield>
    <subfield code="z">Atlantic Ocean</subfield>
    <subfield code="v">Congresses.</subfield>
    <subfield code="9">226504</subfield>
  </datafield>
  <datafield tag="650" ind1=" " ind2="6">
    <subfield code="a">P&#xEA;ches</subfield>
    <subfield code="z">Atlantique (Oc&#xE9;an)</subfield>
    <subfield code="x">Congr&#xE8;s.</subfield>
    <subfield code="9">226505</subfield>
  </datafield>
  <datafield tag="650" ind1=" " ind2="4">
    <subfield code="a">oceanographie</subfield>
    <subfield code="z">atlantique (ocean)</subfield>
    <subfield code="x">congres.</subfield>
    <subfield code="9">226506</subfield>
  </datafield>
  <datafield tag="650" ind1=" " ind2="6">
    <subfield code="a">Biologie marine</subfield>
    <subfield code="z">Alantique (Ocean)</subfield>
    <subfield code="x">Congr&#xE8;s.</subfield>
    <subfield code="9">226507</subfield>
  </datafield>
  <datafield tag="710" ind1="2" ind2=" ">
    <subfield code="a">Unesco.</subfield>
    <subfield code="9">226508</subfield>
  </datafield>
  <datafield tag="710" ind1="2" ind2=" ">
    <subfield code="a">Food and Agriculture Organization of the United Nations.</subfield>
    <subfield code="9">226509</subfield>
  </datafield>
  <datafield tag="710" ind1="2" ind2=" ">
    <subfield code="a">Organization of African Unity.</subfield>
    <subfield code="9">226510</subfield>
  </datafield>
  <datafield tag="710" ind1="2" ind2=" ">
    <subfield code="a">International Cooperative Investigations of the Tropical Atlantic.</subfield>
    <subfield code="9">226511</subfield>
  </datafield>
  <datafield tag="710" ind1="2" ind2=" ">
    <subfield code="a">Guinean Trawling Survey.</subfield>
    <subfield code="9">83555</subfield>
  </datafield>
  <datafield tag="942" ind1=" " ind2=" ">
    <subfield code="2">ddc</subfield>
    <subfield code="c">BK</subfield>
  </datafield>
  <datafield tag="999" ind1=" " ind2=" ">
    <subfield code="c">74964</subfield>
    <subfield code="d">74964</subfield>
  </datafield>
  <datafield tag="952" ind1=" " ind2=" ">
    <subfield code="0">0</subfield>
    <subfield code="1">0</subfield>
    <subfield code="2">ddc</subfield>
    <subfield code="4">0</subfield>
    <subfield code="7">1</subfield>
    <subfield code="8">NFIC</subfield>
    <subfield code="a">RUCL</subfield>
    <subfield code="b">RUCL</subfield>
    <subfield code="c">Reading</subfield>
    <subfield code="d">1971-07-31</subfield>
    <subfield code="e">Zeitlinger</subfield>
    <subfield code="g">80.00</subfield>
    <subfield code="l">0</subfield>
    <subfield code="o">551.46 SYP 1969</subfield>
    <subfield code="r">2019-01-03 00:00:00</subfield>
    <subfield code="t">C-1</subfield>
    <subfield code="w">2019-01-03</subfield>
    <subfield code="y">BK</subfield>
  </datafield>
</record>
